000 00340 a2200157 4500
001 46494
020 _a9788562500053
040 _cAnchieta - Aquarius
100 _aArrou-Vignod, Jean-Philippe
240 1 0 _aRita e treco
_lpor
245 1 0 _aRita e treco
300 _a
362 0 _a2006
650 4 _aLiteratura infantil
942 _cBK
999 _c46494
_d46494